000 00454nam a2200181Ia 4500
001 20661
005 20260306172822.0
008 260306t2004||||xx |||||||||||||| ||spa||
041 _aESP
082 _a343.6
_bG74 T. 4
100 _aGordillo, Agustín
_eAUT
245 0 _aTratado de derecho administrativo:
_bel procedimiento administrativo
260 _c2004
300 _a
_c23 cm.
650 _aGEN
654 _aCDE
942 _cLIB
_dJUS
_fJUS
_2ddc
_n
999 _c20661
_d20661